[Event "13. Lichtenberger Sommer"]
[Site "?"]
[Date "2014.08.20"]
[Round "5.1"]
[White "Stern, Rene"]
[Black "Schild, Christoph"]
[Result "1/2-1/2"]
[WhiteElo "2542"]
[BlackElo "2390"]
[PlyCount "31"]
[EventDate "2014.??.??"]
[WhiteTeam "SK König Tegel 1949 e.V."]
[BlackTeam "SK Freiburg Zähringen 1887 e.V."]

1. d4 e6 2. c4 Nf6 3. Nc3 Bb4 4. Bd2 O-O 5. Nf3 Bxc3 6. Bxc3 Ne4 7. Bb4 d6 8.
e3 Nc6 9. Ba3 Re8 10. Be2 e5 11. O-O Bg4 12. dxe5 dxe5 13. Qc2 Nf6 14. h3 Bd7
15. b3 Qc8 16. Rad1 1/2-1/2

[Event "13. Lichtenberger Sommer"]
[Site "?"]
[Date "2014.08.20"]
[Round "5.2"]
[White "Von Herman, Ulf"]
[Black "Braun, Arik"]
[Result "1-0"]
[WhiteElo "2379"]
[BlackElo "2544"]
[PlyCount "63"]
[EventDate "2014.??.??"]
[WhiteTeam "SK König Tegel 1949 e.V."]
[BlackTeam "SC Eppingen"]

1. d4 Nf6 2. Nf3 e6 3. c4 c5 4. g3 cxd4 5. Nxd4 Qc7 6. Nc3 a6 7. Bg5 Bb4 8.
Bxf6 gxf6 9. Rc1 Qxc4 10. a3 Nc6 11. Nf5 Qg4 12. Ne3 Bxc3+ 13. Rxc3 Qg5 14. h4
Qg7 15. Qd6 Qf8 16. Qf4 Qe7 17. Bg2 h5 18. Nc4 Qd8 19. Nd6+ Kf8 20. O-O Kg7 21.
Rd1 Qb6 22. b4 Ne5 23. Rc5 Ng6 24. Qd2 Ne7 25. Rdc1 Rb8 26. Bf3 Qd8 27. Bxh5 b6
28. Nxf7 Qg8 29. Rg5+ fxg5 30. Qd4+ Kf8 31. Nxh8 Qg7 32. Ng6+ 1-0

[Event "13. Lichtenberger Sommer"]
[Site "?"]
[Date "2014.08.20"]
[Round "5.3"]
[White "Kurayan, Ruslan"]
[Black "Rietze, Clemens"]
[Result "1-0"]
[WhiteElo "2398"]
[BlackElo "2274"]
[PlyCount "95"]
[EventDate "2014.??.??"]
[WhiteTeam "Gouverment Chersonsk"]
[BlackTeam "USV Potsdam e.V., Abt. Schach"]

1. e4 e5 2. Nf3 Nc6 3. d4 exd4 4. Nxd4 Nf6 5. Nxc6 bxc6 6. e5 Qe7 7. Qe2 Nd5 8.
c4 Nb6 9. Nc3 Qe6 10. Qe4 d5 11. exd6 cxd6 12. Be3 Qxe4 13. Nxe4 Bf5 14. Nc3
Be7 15. Be2 O-O 16. O-O Be6 17. b3 d5 18. cxd5 Nxd5 19. Nxd5 Bxd5 20. Ba6 Ba3
21. Rad1 Rfe8 22. Rd2 Re6 23. Rfd1 Rae8 24. Rc2 f5 25. Kf1 Re4 26. g3 Kf8 27.
Bd3 R4e7 28. Kg1 Bf3 29. Be2 Bd5 30. Bf1 Rd7 31. Bg2 Red8 32. Bc5+ Bxc5 33.
Rxc5 Ke7 34. Rd4 g6 35. Ra5 Kd6 36. Rda4 Ra8 37. Ra6 Re7 38. Bxd5 Kxd5 39.
R4a5+ Kd6 40. b4 Rb7 41. b5 Rc8 42. Rxa7 Rxa7 43. Rxa7 cxb5 44. Rxh7 Kc5 45.
Re7 Kb4 46. h4 Ka3 47. Ra7+ Kb2 48. Rb7 1-0

[Event "13. Lichtenberger Sommer"]
[Site "?"]
[Date "2014.08.20"]
[Round "5.4"]
[White "Lerch, Philipp"]
[Black "Meister, Jakob"]
[Result "1/2-1/2"]
[WhiteElo "2241"]
[BlackElo "2466"]
[PlyCount "118"]
[EventDate "2014.??.??"]
[WhiteTeam "SK König Tegel 1949 e.V."]
[BlackTeam "SK Zehlendorf e.V."]

1. c4 b6 2. Nc3 Bb7 3. e4 e6 4. Nge2 Ne7 5. g3 h5 6. h3 h4 7. g4 e5 8. d3 Ng6
9. Be3 Bc5 10. Qd2 Bxe3 11. Qxe3 Na6 12. Bg2 Nc5 13. O-O Ne6 14. d4 d6 15. Rad1
Qe7 16. Nd5 Bxd5 17. exd5 Nef4 18. dxe5 Qxe5 19. Nxf4 Nxf4 20. Qxe5+ dxe5 21.
d6 O-O-O 22. dxc7 Kxc7 23. f3 a5 24. Rfe1 Rxd1 25. Rxd1 Rd8 26. Rxd8 Kxd8 27.
Bf1 Ke7 28. Kf2 g6 29. Ke3 f5 30. b3 Kd6 31. a3 Kc5 32. gxf5 gxf5 33. Kf2 Kd4
34. b4 a4 35. Ke1 Kc3 36. c5 bxc5 37. bxc5 Nd5 38. c6 Nc7 39. Be2 Kb3 40. Kd2
Kxa3 41. Kc3 Nd5+ 42. Kc4 Ne7 43. c7 Kb2 44. Kc5 e4 45. Ba6 e3 46. Kd6 e2 47.
Bxe2 Nc8+ 48. Kc5 a3 49. Bc4 a2 50. Bxa2 Kxa2 51. Kd5 Kb3 52. Ke5 Kc4 53. Kxf5
Kd5 54. Kg4 Kd6 55. Kxh4 Kxc7 56. Kg5 Kd7 57. h4 Ke7 58. Kg6 Kf8 59. h5 Ne7+
1/2-1/2

[Event "13. Lichtenberger Sommer"]
[Site "?"]
[Date "2014.08.20"]
[Round "5.5"]
[White "Moreno Tejera, Emilio"]
[Black "Schneider, Christian"]
[Result "1/2-1/2"]
[WhiteElo "2435"]
[BlackElo "2211"]
[PlyCount "154"]
[EventDate "2014.??.??"]
[WhiteTeam "Sfrd. Berlin 1903 e.V."]
[BlackTeam "SG Blau-Weiß Stadtilm"]

1. e4 c6 2. d4 d5 3. Nc3 dxe4 4. Nxe4 Nd7 5. Bc4 e6 6. Nf3 Ngf6 7. Nxf6+ Nxf6
8. O-O Bd6 9. Bg5 Qc7 10. Re1 Nd5 11. Bb3 h6 12. Bh4 Ne7 13. Bg3 Bxg3 14. hxg3
O-O 15. c3 b6 16. Qd3 g6 17. Ne5 Kg7 18. Rad1 Bb7 19. Qe3 Nd5 20. Bxd5 cxd5 21.
f4 f6 22. Ng4 h5 23. Nh2 Rae8 24. Nf3 a5 25. a3 Bc6 26. Qd3 Qf7 27. Re3 Bd7 28.
Rde1 b5 29. Nd2 a4 30. Nf3 Rh8 31. Qd2 Qf8 32. R1e2 Qd6 33. Rf2 Rh7 34. Ne1
Reh8 35. Nf3 Re8 36. Qe2 Reh8 37. Nh4 Kf7 38. Qd3 Rh6 39. Qf1 Kg7 40. Nf3 R6h7
41. Ne1 Qc6 42. Nd3 Bc8 43. Rfe2 Kf7 44. Qf3 Qc7 45. Re1 Re8 46. Kf2 Reh8 47.
Rh1 Kg7 48. Ke1 Kf7 49. Kd2 Kg7 50. Qe2 Kf7 51. Rh4 Rh6 52. Qe1 R6h7 53. Qf2
Kg7 54. Re1 Kf7 55. Qe2 Qd6 56. g4 hxg4 57. Rxh7+ Rxh7 58. Qxg4 Qf8 59. Qe2 Rh2
60. Rf1 Kg7 61. Rf2 Qh8 62. g4 Rxf2 63. Qxf2 Qh6 64. Qg3 g5 65. Kc2 gxf4 66.
Nxf4 Bd7 67. Nh5+ Kf7 68. Qd6 Qg6+ 69. Kc1 Qg5+ 70. Kb1 Ke8 71. Ka2 Qg6 72. Qc7
Ke7 73. Qc5+ Ke8 74. Qd6 Qg5 75. Qc7 Ke7 76. Qc5+ Ke8 77. Qd6 Qg6 1/2-1/2

[Event "13. Lichtenberger Sommer"]
[Site "?"]
[Date "2014.08.20"]
[Round "5.6"]
[White "Sieglen, Joachim"]
[Black "Kalinitschew, Sergey"]
[Result "1-0"]
[WhiteElo "2261"]
[BlackElo "2409"]
[PlyCount "105"]
[EventDate "2014.??.??"]
[WhiteTeam "SC Untergrombach 46"]
[BlackTeam "SC Kreuzberg e.V."]

1. d4 Nf6 2. c4 g6 3. Nc3 Bg7 4. e4 O-O 5. Nf3 d6 6. Be2 c5 7. O-O cxd4 8. Nxd4
Nc6 9. Be3 Nd7 10. Qd2 Nc5 11. Rad1 Bd7 12. f4 Nxd4 13. Bxd4 Bxd4+ 14. Qxd4 Bc6
15. Kh1 Qb6 16. b3 Rad8 17. Nd5 Bxd5 18. exd5 Nd7 19. Qd2 Nf6 20. Bf3 a5 21.
Rfe1 Rd7 22. Re3 a4 23. Rde1 axb3 24. axb3 Ra8 25. g4 Kf8 26. g5 Ng8 27. f5 Ra3
28. Bd1 Qa7 29. Rf1 Ra2 30. Qd3 Kg7 31. Ref3 f6 32. Bc2 Rxc2 33. Qxc2 Qd4 34.
fxg6 hxg6 35. Rg1 f5 36. Qc3 Qxc3 37. Rxc3 Rc7 38. Ra1 b5 39. Ra8 e5 40. dxe6
Ne7 41. Rb8 bxc4 42. Rxc4 Ra7 43. Rcb4 Ra1+ 44. Kg2 Re1 45. R4b7 Rxe6 46. Rc7
Kf7 47. Rbb7 d5 48. Kf2 Ke8 49. b4 d4 50. h4 f4 51. Rb8+ Kf7 52. Rd8 Re4 53.
Kf3 1-0

[Event "13. Lichtenberger Sommer"]
[Site "?"]
[Date "2014.08.20"]
[Round "5.7"]
[White "Brüdigam, Martin"]
[Black "Reichenbach, Werner"]
[Result "1-0"]
[WhiteElo "2342"]
[BlackElo "2258"]
[PlyCount "161"]
[EventDate "2014.??.??"]
[WhiteTeam "SK König Tegel 1949 e.V."]
[BlackTeam "SK Zehlendorf e.V."]

1. d4 Nf6 2. Nf3 e6 3. c4 b6 4. g3 Ba6 5. b3 Bb4+ 6. Bd2 Be7 7. Bg2 Bb7 8. Nc3
O-O 9. O-O d5 10. Ne5 Nbd7 11. Bf4 c5 12. cxd5 exd5 13. Nxd7 Qxd7 14. dxc5 bxc5
15. Bg5 Rfd8 16. Rc1 Rac8 17. Na4 Qe6 18. Rc2 Ba6 19. Bxf6 gxf6 20. Qd2 Bb5 21.
Qa5 Qa6 22. Qxa6 Bxa6 23. Rd1 d4 24. Nb2 Bf8 25. Be4 Re8 26. Bd3 Bb7 27. Rdc1
Rc7 28. f4 Bd5 29. Kf2 a5 30. Na4 Rec8 31. Bc4 Bc6 32. Nb2 Ra8 33. a4 Rb8 34.
Nd3 Be4 35. Rd2 Bxd3 36. Rxd3 Re7 37. Bb5 Re6 38. Ke1 Rb7 39. Bc4 Re8 40. Kd2
Rbe7 41. Rf3 Re3 42. Rcf1 Kg7 43. Rxe3 Rxe3 44. Rf3 Re7 45. Kd3 f5 46. Bd5 Re8
47. Rf2 Kf6 48. Kc4 Rb8 49. Rf1 Rb4+ 50. Kd3 Rb8 51. Re1 Rb4 52. Bc4 Rb8 53. e4
dxe3 54. Rxe3 Bd6 55. Bb5 Be7 56. Re5 Rd8+ 57. Kc2 Bd6 58. Rd5 Be7 59. Rxd8
Bxd8 60. Kd3 Ke7 61. Kc4 Kd6 62. Be8 f6 63. Bh5 Bc7 64. Be2 h6 65. Bd3 Bd8 66.
Bxf5 Kc6 67. Be6 Bc7 68. Kd3 Kd6 69. Bg8 f5 70. Kc4 Bd8 71. Kb5 Kd7 72. Kxc5
Bc7 73. Kb5 Kd6 74. Bh7 Ke6 75. b4 axb4 76. a5 Kd5 77. Bxf5 b3 78. a6 Bb8 79.
Kb6 Bd6 80. a7 Bc5+ 81. Kb7 1-0

[Event "13. Lichtenberger Sommer"]
[Site "?"]
[Date "2014.08.20"]
[Round "5.9"]
[White "Fuchs, Heinz"]
[Black "Wiebe, Patrick"]
[Result "1-0"]
[WhiteElo "2353"]
[BlackElo "2176"]
[PlyCount "73"]
[EventDate "2014.??.??"]
[WhiteTeam "SC Untergrombach 46"]
[BlackTeam "SK Nordhorn-Blanke"]

1. c4 c6 2. d4 d5 3. Nf3 Nf6 4. Nc3 dxc4 5. a4 Bf5 6. e3 e6 7. Bxc4 Bb4 8. O-O
Nbd7 9. Nh4 Bg6 10. Nxg6 hxg6 11. g3 Qa5 12. Qe2 Qf5 13. e4 Qh3 14. f3 e5 15.
Be3 Bd6 16. Qg2 Qxg2+ 17. Kxg2 exd4 18. Bxd4 Bc5 19. Rfd1 Bxd4 20. Rxd4 Ne5 21.
Be2 g5 22. Rad1 Ke7 23. f4 gxf4 24. gxf4 Neg4 25. Bxg4 Nxg4 26. Rd7+ Ke8 27.
Kg3 Ne3 28. R1d3 Rb8 29. Rc7 Nf1+ 30. Kg2 Nxh2 31. Rdd7 Ng4 32. Rxf7 Nh6 33.
Rfe7+ Kd8 34. Rcd7+ Kc8 35. Rc7+ Kd8 36. Rxb7 Rf8 37. Red7+ 1-0

[Event "13. Lichtenberger Sommer"]
[Site "?"]
[Date "2014.08.20"]
[Round "5.10"]
[White "Kupfer, Michael"]
[Black "Stets, Dmitry"]
[Result "1/2-1/2"]
[WhiteElo "2059"]
[BlackElo "2419"]
[PlyCount "122"]
[EventDate "2014.??.??"]
[WhiteTeam "SC Friesen Lichtenberg e.V."]
[BlackTeam "Schachfreunde Gerresheim 86 e.V."]

1. e4 g6 2. d4 Bg7 3. Nf3 c5 4. dxc5 Qa5+ 5. Bd2 Qxc5 6. Nc3 Nf6 7. Be2 d6 8.
O-O O-O 9. Be3 Qa5 10. Qd2 Nc6 11. Bh6 Bg4 12. Bxg7 Kxg7 13. Nd4 Nxd4 14. Qxd4
Bxe2 15. Nxe2 Rac8 16. Nc3 Qc5 17. Rfd1 b5 18. Rac1 a5 19. f3 Qg5 20. Nd5 Rc4
21. Qd2 Qxd2 22. Rxd2 Nxd5 23. Rxd5 Rb8 24. Kf2 Rb6 25. Ke3 Kf6 26. Rd4 Rc5 27.
c3 e6 28. Rcd1 Ke7 29. a3 Rc4 30. Kd3 e5 31. Rd5 Ke6 32. g4 h6 33. h4 Rc8 34.
Rd2 f6 35. a4 Rcb8 36. Rxb5 Rxb5 37. axb5 Rxb5 38. Kc4 Rc5+ 39. Kd3 d5 40. h5
gxh5 41. gxh5 dxe4+ 42. fxe4 f5 43. Rg2 fxe4+ 44. Ke3 a4 45. Rg6+ Kf5 46. Rxh6
a3 47. Kd2 e3+ 48. Ke2 axb2 49. Rb6 Kf4 50. Rxb2 Rxc3 51. Rb4+ e4 52. Rb8 Rc2+
53. Ke1 e2 54. Rb3 Rc1+ 55. Kxe2 Rh1 56. Ra3 Rh2+ 57. Ke1 Rxh5 58. Rb3 Rg5 59.
Ke2 Rg2+ 60. Ke1 Rg3 61. Rxg3 Kxg3 1/2-1/2

[Event "13. Lichtenberger Sommer"]
[Site "?"]
[Date "2014.08.20"]
[Round "5.11"]
[White "Kutschke, Jens"]
[Black "Muse, Drazen"]
[Result "1/2-1/2"]
[WhiteElo "2014"]
[BlackElo "2396"]
[PlyCount "84"]
[EventDate "2014.??.??"]
[WhiteTeam "Sfrd. Berlin 1903 e.V."]
[BlackTeam "SK König Tegel 1949 e.V."]

1. e4 c5 2. Nf3 d6 3. d4 cxd4 4. Nxd4 Nf6 5. Nc3 a6 6. Bc4 Nbd7 7. Be3 Qc7 8.
Bb3 Nc5 9. f3 e6 10. Qd2 b5 11. O-O-O b4 12. Nce2 e5 13. Nf5 Nxb3+ 14. axb3 d5
15. Bg5 d4 16. Bxf6 gxf6 17. Kb1 a5 18. Nexd4 exd4 19. Qxd4 Ra6 20. Rd2 Qb6 21.
Qd3 Be6 22. Rhd1 Be7 23. f4 a4 24. Qh3 axb3 25. cxb3 Qa5 26. Ng7+ Kf8 27. Nxe6+
fxe6 28. Qh6+ Kf7 29. Rd7 Qa2+ 30. Kc2 Rc6+ 31. Kd2 Rd6+ 32. Rxd6 Bxd6 33. Ke1
Be7 34. Qh5+ Kf8 35. Qh6+ Kg8 36. Rd3 Qb1+ 37. Kd2 Qxb2+ 38. Kd1 Qb1+ 39. Kd2
Qa2+ 40. Kd1 Qa1+ 41. Kd2 Qa2+ 42. Kd1 Qa1+ 1/2-1/2

[Event "13. Lichtenberger Sommer"]
[Site "?"]
[Date "2014.08.20"]
[Round "5.12"]
[White "Pluska, Alexander"]
[Black "Glantz, Robert"]
[Result "0-1"]
[WhiteElo "1899"]
[BlackElo "2308"]
[PlyCount "86"]
[EventDate "2014.??.??"]
[WhiteTeam "SK Doppelbauer Kiel"]
[BlackTeam "SC Kreuzberg e.V."]

1. c4 Nf6 2. Nc3 e5 3. g3 h6 4. Bg2 Bb4 5. Qb3 Na6 6. a3 Be7 7. Qc2 O-O 8. b4
Re8 9. Bb2 c6 10. e4 Nc7 11. Nge2 Bf8 12. Rd1 d5 13. d4 exd4 14. Rxd4 c5 15.
bxc5 Bxc5 16. Rd3 Ng4 17. O-O Ne5 18. Rdd1 Nxc4 19. Nxd5 Nxb2 20. Qxb2 Nxd5 21.
Rxd5 Qe7 22. Rd3 Be6 23. Rc1 Rad8 24. Rf3 b6 25. Nf4 Bg4 26. Rb3 Bd1 27. Nd5
Rxd5 28. exd5 Bxb3 29. Qxb3 Bxa3 30. Ra1 Bc5 31. Qb5 Rd8 32. Qa6 Qf6 33. Ra2
Re8 34. Qxa7 Qd4 35. Bf3 Re1+ 36. Kg2 Qd3 37. Bh5 Qf1+ 38. Kf3 Qh1+ 39. Kg4
Re4+ 40. Kf5 Re7 41. Qb8+ Kh7 42. Re2 Qxd5+ 43. Re5 g6+ 0-1

[Event "13. Lichtenberger Sommer"]
[Site "?"]
[Date "2014.08.20"]
[Round "5.13"]
[White "Fartmann, Oliver"]
[Black "Heinig, Wolfram"]
[Result "1/2-1/2"]
[WhiteElo "1927"]
[BlackElo "2299"]
[PlyCount "30"]
[EventDate "2014.??.??"]
[WhiteTeam "SV Mattnetz Berlin e.V."]
[BlackTeam "SK Zehlendorf e.V."]

1. d4 Nf6 2. c4 d6 3. Nf3 g6 4. Nc3 Bg7 5. e4 O-O 6. Be2 e5 7. O-O Na6 8. Be3
exd4 9. Nxd4 Re8 10. f3 Nc5 11. b4 Ne6 12. Nxe6 Bxe6 13. Qd2 a5 14. a3 Nd7 15.
Rac1 axb4 1/2-1/2

[Event "13. Lichtenberger Sommer"]
[Site "?"]
[Date "2014.08.20"]
[Round "5.14"]
[White "Vatter, Hans-Joachim"]
[Black "Amelang, Thomas"]
[Result "1/2-1/2"]
[WhiteElo "2278"]
[BlackElo "2109"]
[PlyCount "88"]
[EventDate "2014.??.??"]
[WhiteTeam "SC Untergrombach 46"]
[BlackTeam "SK Siemens München"]

1. e4 g6 2. d4 Bg7 3. Nc3 d6 4. f4 e6 5. Nf3 Ne7 6. Be3 d5 7. e5 b6 8. a4 Ba6
9. Bxa6 Nxa6 10. a5 c6 11. Qe2 Nc7 12. Bf2 b5 13. O-O Qd7 14. Na2 Na6 15. Nc1
h5 16. h3 Bf8 17. Nd3 O-O-O 18. Bh4 Nf5 19. Bxd8 Kxd8 20. Qf2 h4 21. c3 Qc7 22.
b4 Qd7 23. Nc5 Nxc5 24. dxc5 a6 25. Nd4 Kc7 26. Nxf5 exf5 27. Rad1 Qe6 28. Rd3
Be7 29. Kh1 Kb7 30. Qf3 Kc7 31. Rfd1 Rd8 32. R1d2 Kb7 33. Rd4 Kc7 34. Kg1 Kb7
35. Kf1 Kc7 36. Ke1 Kb7 37. Kd1 Kc7 38. Kc2 Kb7 39. Kb2 Kc7 40. Rd1 Rh8 41. Rh1
Bd8 42. Rhd1 Be7 43. R1d2 Rh5 44. Qd1 Rh8 1/2-1/2

[Event "13. Lichtenberger Sommer"]
[Site "?"]
[Date "2014.08.20"]
[Round "5.15"]
[White "Osten, David"]
[Black "Petersen, Soren Boeck"]
[Result "1/2-1/2"]
[WhiteElo "1733"]
[BlackElo "2256"]
[PlyCount "100"]
[EventDate "2014.??.??"]
[WhiteTeam "SF Friedrichshagen"]
[BlackTeam "Damhus Skakklub"]

1. e4 e6 2. d4 d5 3. Nc3 Bb4 4. e5 c5 5. a3 Bxc3+ 6. bxc3 Qc7 7. Qg4 f5 8. Qg3
cxd4 9. cxd4 Ne7 10. Bb5+ Bd7 11. Bxd7+ Nxd7 12. Bg5 Nc6 13. Ne2 O-O 14. O-O
Rf7 15. c4 Nb6 16. c5 Nc4 17. Rfd1 b6 18. cxb6 axb6 19. Nc3 Qd7 20. a4 Ra5 21.
Nb5 Rf8 22. Qb3 Rfa8 23. Bd2 Nxd2 24. Rxd2 Nxe5 25. Nc3 Nc4 26. Re2 b5 27. Rea2
bxa4 28. Rxa4 Rxa4 29. Rxa4 Rxa4 30. Qxa4 Qxa4 31. Nxa4 e5 32. dxe5 Nxe5 33. f4
Ng4 34. h3 Nf6 35. Kf2 Kf7 36. Ke3 Ke6 37. Nc3 Kd6 38. Kd4 Ke6 39. Ke3 g6 40.
Kd4 h6 41. h4 Nh5 42. Nxd5 Kd6 43. Kc4 Ng3 44. Nc3 Nh5 45. Nd5 Ng7 46. Ne3 Ne6
47. h5 Nxf4 48. hxg6 Nxg6 49. Nxf5+ Ke5 50. Nxh6 Kf4 1/2-1/2

[Event "13. Lichtenberger Sommer"]
[Site "?"]
[Date "2014.08.20"]
[Round "5.16"]
[White "Tonndorf, Matthias"]
[Black "Issel, Oliver"]
[Result "1-0"]
[WhiteElo "2263"]
[BlackElo "2071"]
[PlyCount "97"]
[EventDate "2014.??.??"]
[WhiteTeam "SV Caissa Wolfenbüttel"]

1. e4 g6 2. Bc4 Bg7 3. d4 e6 4. Nc3 Ne7 5. d5 O-O 6. Nf3 b6 7. dxe6 dxe6 8.
Qxd8 Rxd8 9. Bg5 Kf8 10. O-O a6 11. Rfd1 Rxd1+ 12. Rxd1 Ke8 13. Bf4 Ra7 14. a4
Nbc6 15. h4 e5 16. Be3 Bg4 17. Be2 Bxf3 18. Bxf3 Nd4 19. Bxd4 exd4 20. Ne2 c5
21. Nf4 Rc7 22. b3 Bh6 23. g3 Bxf4 24. gxf4 Nc6 25. e5 Nb4 26. Be4 Re7 27. f3
Na2 28. Kf2 Kd7 29. Rh1 Nc3 30. Bd3 Nd5 31. Kg3 Nb4 32. Be4 Ke6 33. h5 Nd5 34.
hxg6 hxg6 35. Rh6 Ne3 36. Rh8 Rc7 37. Rb8 Nd5 38. Bxd5+ Kxd5 39. Rxb6 c4 40.
Rxa6 cxb3 41. cxb3 Rb7 42. Rf6 Kc5 43. a5 Rxb3 44. Rxf7 Ra3 45. Rc7+ Kb4 46.
Rd7 Kc4 47. e6 Re3 48. e7 Re6 49. a6 1-0

[Event "13. Lichtenberger Sommer"]
[Site "?"]
[Date "2014.08.20"]
[Round "5.17"]
[White "Plump, Detlef"]
[Black "Kornrumpf, Joachim"]
[Result "1-0"]
[WhiteElo "2228"]
[BlackElo "2061"]
[PlyCount "81"]
[EventDate "2014.??.??"]
[BlackTeam "Preetzer TSV"]

1. e4 c5 2. Nf3 e6 3. d4 cxd4 4. Nxd4 a6 5. Bd3 Nc6 6. Nxc6 dxc6 7. O-O e5 8.
f4 Bd6 9. f5 Nf6 10. Be3 Qe7 11. Kh1 Bd7 12. Nd2 c5 13. a4 Bc6 14. Qf3 Rc8 15.
a5 Bc7 16. Bg5 h6 17. Bh4 O-O 18. Nc4 Bd8 19. Rfd1 Qc7 20. Nb6 Rb8 21. Bg3 Nd7
22. Nc4 Bf6 23. Ne3 Rfe8 24. Bc4 Rbd8 25. Bd5 Bb5 26. Qh5 Rf8 27. Ng4 Bg5 28.
h4 Nf6 29. Nxf6+ Bxf6 30. c4 Bc6 31. Ra3 Rd7 32. Bf2 Bxd5 33. cxd5 Rc8 34. g4
Qd8 35. Rg1 Be7 36. g5 hxg5 37. hxg5 Bd6 38. Rh3 Kf8 39. f6 gxf6 40. Qh8+ Ke7
41. gxf6# 1-0

[Event "13. Lichtenberger Sommer"]
[Site "?"]
[Date "2014.08.20"]
[Round "5.18"]
[White "Kapp, Martin"]
[Black "Witte, Ronald"]
[Result "1-0"]
[WhiteElo "2201"]
[BlackElo "2052"]
[PlyCount "55"]
[EventDate "2014.??.??"]
[WhiteTeam "Schachverein Erzgebirge Stollber"]
[BlackTeam "BSV 63 Chemie Weißensee"]

1. d4 d5 2. c4 c6 3. Nf3 Nf6 4. Nc3 e6 5. Bg5 Be7 6. e3 Nbd7 7. Qc2 h6 8. Bxf6
Bxf6 9. O-O-O Qa5 10. Kb1 O-O 11. h4 g6 12. h5 g5 13. Nh2 Bg7 14. f4 gxf4 15.
exf4 dxc4 16. g4 b5 17. g5 f5 18. Qg2 Kh8 19. gxh6 Bxh6 20. Qxc6 Rb8 21. Nd5
Nb6 22. Ne7 Bd7 23. Qd6 Rfe8 24. Nxf5 Bxf4 25. Qxf4 exf5 26. Qh6+ Kg8 27. Rg1+
Kf7 28. Rg7+ 1-0

[Event "13. Lichtenberger Sommer"]
[Site "?"]
[Date "2014.08.20"]
[Round "5.19"]
[White "Baranowsky, Peter"]
[Black "Lagunow, Raphael"]
[Result "0-1"]
[WhiteElo "1978"]
[BlackElo "2121"]
[PlyCount "78"]
[EventDate "2014.??.??"]
[WhiteTeam "Sfrd. Berlin 1903 e.V."]
[BlackTeam "SK Zehlendorf e.V."]

1. c4 c5 2. Nc3 Nc6 3. Nf3 g6 4. g3 Bg7 5. Bg2 d6 6. O-O Bd7 7. e3 Bxc3 8. bxc3
Nf6 9. Qe2 Qc8 10. e4 Bg4 11. Qe3 e5 12. d3 Bh3 13. Qh6 Bxg2 14. Kxg2 Qe6 15.
h3 O-O-O 16. Rb1 Nd7 17. Bd2 f6 18. Qe3 Rdf8 19. d4 Qxc4 20. d5 Na5 21. Rb2 h6
22. Be1 f5 23. Nd2 Qa4 24. f4 Nc4 25. Nxc4 Qxc4 26. Qe2 Qxe4+ 27. Qxe4 fxe4 28.
Re2 exf4 29. Rxe4 g5 30. gxf4 Nf6 31. Re6 Nxd5 32. Bd2 Kd7 33. f5 Rxf5 34. Rg6
Rxf1 35. Kxf1 Rf8+ 36. Ke2 Rf6 37. Rg7+ Kc6 38. c4 Nf4+ 39. Bxf4 Rxf4 0-1

[Event "13. Lichtenberger Sommer"]
[Site "?"]
[Date "2014.08.20"]
[Round "5.20"]
[White "Rohde, Wolfgang"]
[Black "Oswald, Michael"]
[Result "1-0"]
[WhiteElo "2162"]
[BlackElo "2129"]
[PlyCount "65"]
[EventDate "2014.??.??"]
[WhiteTeam "SC Friesen Lichtenberg e.V."]
[BlackTeam "1. Schachclub Anhalt"]

1. d4 f5 2. g3 e6 3. Bg2 Nf6 4. Nf3 Be7 5. O-O O-O 6. c4 d5 7. b3 c6 8. Ba3
Bxa3 9. Nxa3 Bd7 10. Qc1 Be8 11. e3 Bh5 12. Ne5 Nbd7 13. Qb2 Nxe5 14. dxe5 Ne4
15. f3 Nc5 16. cxd5 exd5 17. Qc3 Ne6 18. Nc2 Qg5 19. Rf2 Qh6 20. Nd4 Rae8 21.
b4 a6 22. a4 g5 23. f4 gxf4 24. exf4 Bg4 25. Rc1 Rf7 26. b5 axb5 27. axb5 Nxd4
28. Qxd4 Re6 29. Rfc2 Rg7 30. bxc6 bxc6 31. Rxc6 Rd7 32. Rc8+ Kg7 33. R8c7 1-0